На визвольних стежках Европи: спогади зв'язкового ОУН, футбольні спогади Мука (Запис № 438960)

МАРК-запис
000 -Лідер
fixed length control field 02102nam a22002777a 4500
001 - Контрольний номер
control field 40454
003 - Ідентифікатор контрольного номера
control field UA-OsUOA
005 - Дата та час останнього входження (трансакції)
control field 20230906104520.0
007 - Фіксоване поле фізичного опису
fixed length control field ta
008 - Елементи даних фіксованої довжини – загальна інформація
fixed length control field 20080612b un ||||| |||| 00| 0 ukr d
040 ## - Джерело каталогізації
Агенція оригінальної каталогізації UA-OsUOA
Мова каталогізації ukr
Агенція, яка здійснювала перезапис UA-OsUOA
Агенція, яка здійснювала модифікацію UA-OsUOA
041 ## - Код мови
Код мови тексту/ звукової доріжки чи окремого заголовка (П) ukr
080 ## - Індекс Універсальної десяткової класифікації
Індекс Універсальної десяткової класифікації (УДК) (НП) 82-94
090 ## - Локальний шифр розміщення
Класифікаційний індекс УДК 82-94
Авторський знак (НП) Д27
100 ## - Основне введення – ім’я особи
Ім’я особи (НП) Дейчаківський М.
245 ## - Відомості про назву
Назва (НП) На визвольних стежках Европи: спогади зв'язкового ОУН, футбольні спогади Мука
Дані про відповідальність (НП) Микола Дейчаківський
260 ## - Публікація, розповсюдження і т.п. (Вихідні дані)
Місце публікації, розповсюдження і т.п. (П) Київ
Ім’я/ наймення видавництва, розповсюджувача і т.п. (П) Юніверс
Дата публікації, розповсюдження і т.п. (П) 1997
300 ## - Фізичний опис
Обсяг 125 с.
520 ## - Резюме і т.п.
Резюме, реферат, анотація, тощо (НП) У споминах Миколи Дейчаківського – учасника національно-визвольної боротьби 40-х років, члена ОУН-УПА, зв’язкового закордонного представництва УГВР, вихідця із села Ямниця Івано-Франківської обл., що зараз проживає в м. Клівленді (США), стисло і правдиво розповідається про важкі й цікаві історичні сторінки життя і боротьби українського студентства в умовах окупації частини Европи та України фашистською Німеччиною та на еміґрації. Поруч з цим подано історичний зріз спортивного життя молоді, особливо футбольної, як на теренах Західної України, так і на поселеннях Західної Европи та Америки.
650 #7 - Додаткове предметне введення – тематичний термін
Тематичний термін чи географічна назва, як елемент введення (НП) 82 Література. Літературознавство
Джерело заголовка чи терміна UDC
856 40 - Електронне місцезнаходження та доступ
Уніфікований ідентифікатор ресурсу (П) https://chtyvo.org.ua/authors/Deichakivskyi_Mykola/Na_vyzvolnykh_stezhkakh_Evropy/
942 ## - Додаткові елементи входу (Коха)
Тип елемента Koha Книги
Source of classification or shelving scheme Universal Decimal Classification
955 ## - Код типу видання за змістом
Код типу видання за змістом (НП) Науково-популярні видання
Фонди
Стан вилучень Стан втрат Джерело класифікації або схеми стелажів Стан уражень Не для кредиту Постійне місце розташування Поточне розміщення Дата придбання Джерело придбання Вартість, звичайна ціна покупки Інвентарний номер Усього замовленно Повний номер виклику Штрих-код Дата останнього перегляду Ціна ефективна від Тип елемента Koha Код колекції
    Universal Decimal Classification     Наукова бібліотека ІДУД Наукова бібліотека ІДУД 12/06/2008 114/2007 1.00 2128803   82-94 Д27 2128803 15/09/2019 12/06/2008 Книги  
    Universal Decimal Classification     Наукова бібліотека ІДУД Наукова бібліотека ІДУД 16/08/2023 Акт надходжень №4/02.08.2023 (від Соколиків)   2140578   82-94 Д27 2140578 16/08/2023 16/08/2023 Книги Колекція др. Константина Бризгуна (Оксани і Ярослава Соколиків)